000 00263nam a2200097Ia 4500
001 1172210
005 20250827012551.0
008 250824s9999 xx 000 0 und d
245 0 _a BERBERDEKİ PAPAĞAN
_cBEHİÇ AK
260 _bGÜNIŞIĞI KİTAPLIĞI YAYINLARI
999 _c1172210
_d1172210